[Event "Maharana Pratap Memorial Cup "]
[Site "SchemingMind.com"]
[Date "2015.09.26"]
[Round "-"]
[White "emvarela"]
[Black "Queen "]
[Result "0-1"]
[WhiteCountry "ARG"]
[BlackCountry "IND"]
[WhiteElo "1722"]
[WhiteRD "46"]
[BlackElo "2734"]
[BlackRD "322"]
[GameID "387821"]

1. e4 e5 2. Nf3 Nc6 3. Bb5 Nf6 4. d3 d6 5. c3 Be7 6. Bxc6+ bxc6 7. Bg5 O-O 8. Bxf6 Bxf6 9. d4 exd4 10. Nxd4 c5
11. Nb3 Ba6 12. N1d2 Qd7 13. Qc2 Qg4 14. c4 Qxg2 15. Ke2 Qg4+ 16. f3 Qg2+ 17. Kd3 d5 18. exd5 Rfd8 19. Rag1 Rxd5+
0-1

[Event "Maharana Pratap Memorial Cup "]
[Site "SchemingMind.com"]
[Date "2015.09.26"]
[Round "-"]
[White "Queen "]
[Black "emvarela"]
[Result "1-0"]
[WhiteCountry "IND"]
[BlackCountry "ARG"]
[WhiteElo "2734"]
[WhiteRD "322"]
[BlackElo "1722"]
[BlackRD "46"]
[GameID "387822"]

1. d4 Nf6 2. c4 e6 3. Nf3 Bb4+ 4. Bd2 Bxd2+ 5. Nbxd2 O-O 6. e3 d5 7. Rc1 c6 8. Bd3 dxc4 9. Nxc4 Nbd7 10. b4 Nb6
11. Na5 Nbd5 12. a3 Qb6 13. O-O Bd7 14. Ne5 Rfe8 15. Qf3 h6 16. e4 Ne7 17. Nec4 Qc7 18. e5 b6 19. exf6 Ng6 20. Bxg6
1-0

[Event "Maharana Pratap Memorial Cup "]
[Site "SchemingMind.com"]
[Date "2015.10.02"]
[Round "-"]
[White "emvarela"]
[Black "Scooter"]
[Result "1/2-1/2"]
[WhiteCountry "ARG"]
[BlackCountry "USA"]
[WhiteElo "1690"]
[WhiteRD "47"]
[BlackElo "1717"]
[BlackRD "47"]
[GameID "388022"]

1. e4 c6 2. d4 d5 3. exd5 cxd5 4. Nf3 Bg4 5. Be2 Nd7 6. h3 Bxf3 7. Bxf3 Ngf6 8. Nd2 e6 9. O-O Be7 10. c4 O-O
11. cxd5 Nxd5 12. Bxd5 exd5 13. Nf3 h6 14. b3 Rc8 15. Be3 b5 16. Rc1 Nb6 17. Rxc8 Qxc8 18. Qc1 Qxc1 19. Rxc1 Rc8 20. Rxc8+ Nxc8
21. Ne5 f6 22. Nc6 g5 23. f4 Kf7 24. Nxe7 Kxe7 25. fxg5 fxg5 26. g4 Nd6 27. Kg2 Ne4 28. Kf3 Nc3 29. a3 Nb1 30. Bc1 a5
31. b4 axb4 32. axb4 Nc3 33. h4 Ne4 34. h5= Nf6 35. Bb2 Ke6 36. Bc3 Ne4 37. Be1 Nd6 38. Bc3 Nc8 39. Ke3 Nb6=
1/2-1/2

[Event "Maharana Pratap Memorial Cup "]
[Site "SchemingMind.com"]
[Date "2015.10.02"]
[Round "-"]
[White "Scooter"]
[Black "emvarela"]
[Result "0-1"]
[WhiteCountry "USA"]
[BlackCountry "ARG"]
[WhiteElo "1717"]
[WhiteRD "47"]
[BlackElo "1690"]
[BlackRD "47"]
[GameID "388023"]

1. d4 g6 2. Nf3 Bg7 3. Bf4 Nf6 4. e3 O-O 5. Be2 d6 6. O-O Nbd7 7. Nbd2 c5 8. c3 b6 9. Rc1 cxd4 10. cxd4 Bb7
11. b4 Rc8 12. h3 Rxc1 13. Qxc1 Qc8 14. Nb3 Qxc1 15. Rxc1 Rc8 16. Rxc8+ Bxc8 17. b5 Nd5 18. Bg3 Nc3 19. Nc1 Bb7 20. Kf1 Bxf3
21. Bxf3 e5 22. Bc6 Nb8 23. Ke1 Nxc6 24. bxc6 Nb5 25. a4 Nc7 26. dxe5 Bxe5 27. Bh4 f6 28. Nd3 g5 29. Nxe5 dxe5 30. Bg3 Kf7
31. f4 Ke6 32. fxg5 fxg5 33. Kd2 Kd6 34. Kd3 Kxc6 35. Bxe5 Ne6 36. g4 Nc5+ 37. Kc4 Nxa4 38. Bf6 b5+ 39. Kb4 Nc5 40. Bxg5 Ne4
41. Bf4 Nf2 42. Bg3 Nxh3 43. e4 Ng5 44. e5 a6 45. Bf4 Ne6 46. Bg3 Kd5 47. Bh2 Nd4 48. Ka5 Nf3
0-1

[Event "Maharana Pratap Memorial Cup "]
[Site "SchemingMind.com"]
[Date "2015.09.27"]
[Round "-"]
[White "Scooter"]
[Black "Queen "]
[Result "0-1"]
[WhiteCountry "USA"]
[BlackCountry "IND"]
[WhiteElo "1723"]
[WhiteRD "47"]
[BlackElo "2734"]
[BlackRD "322"]
[GameID "388024"]

1. d4 Nf6 2. Nf3 e6 3. Bg5 d5 4. e3 Nbd7 5. Be2 Be7 6. O-O O-O 7. Nbd2 b6 8. c4 Bb7 9. cxd5 Bxd5 10. Bc4 Bb7
11. a3 h6 12. Bxf6 Nxf6 13. b4 c5 14. dxc5 bxc5 15. bxc5 Bxc5 16. Be2 Rc8 17. Qb3 Qe7 18. Rab1 Bd5 19. Bc4 Bxa3 20. Bxd5 Nxd5
21. Nc4 Bc5 22. Rfc1 Rfd8 23. Qb7 Qxb7 24. Rxb7 Ba3 25. Rc2 Nb6 26. Kf1 Nxc4
0-1

[Event "Maharana Pratap Memorial Cup "]
[Site "SchemingMind.com"]
[Date "2015.09.27"]
[Round "-"]
[White "Queen "]
[Black "Scooter"]
[Result "1-0"]
[WhiteCountry "IND"]
[BlackCountry "USA"]
[WhiteElo "2734"]
[WhiteRD "322"]
[BlackElo "1723"]
[BlackRD "47"]
[GameID "388025"]

1. e4 c6 2. d4 d5 3. Nc3 dxe4 4. Nxe4 Bf5 5. Ng3 Bg6 6. Nf3 Nd7 7. h4 h6 8. Bf4 Ngf6 9. Bd3 Bxd3 10. Qxd3 Nd5
11. Bd2 Qc7 12. c4 Nf4 13. Qe4 Ne6 14. O-O O-O-O 15. Qf5 Nf6 16. Ne5 Rxd4 17. Nxf7 Rg8 18. Be3 Rxc4 19. Qxe6+
1-0

[Event "Maharana Pratap Memorial Cup "]
[Site "SchemingMind.com"]
[Date "2015.10.07"]
[Round "-"]
[White "emvarela"]
[Black "kenneth m day"]
[Result "1-0"]
[WhiteCountry "ARG"]
[BlackCountry "USA"]
[WhiteElo "1700"]
[WhiteRD "49"]
[BlackElo "1678"]
[BlackRD "53"]
[GameID "388281"]

1. e4 e5 2. Nf3 Nc6 3. Bb5 f5 4. Bxc6 dxc6 5. exf5 Nf6 6. d3 Qd5 7. Nc3 Qd6 8. Ne4 Qb4+ 9. c3 Qe7 10. Bg5 Bxf5
11. O-O O-O-O 12. Bxf6 gxf6 13. Qe2 Qg7 14. Rad1 Rg8 15. g3 Qg4 16. Nxf6 Qg6 17. Nxg8 Bxd3 18. Rxd3 e4 19. Rxd8+ Kxd8 20. Ne5 Qxg8
21. Rd1+ Kc8 22. Qg4+
1-0

[Event "Maharana Pratap Memorial Cup "]
[Site "SchemingMind.com"]
[Date "2015.10.07"]
[Round "-"]
[White "kenneth m day"]
[Black "emvarela"]
[Result "0-1"]
[WhiteCountry "USA"]
[BlackCountry "ARG"]
[WhiteElo "1698"]
[WhiteRD "51"]
[BlackElo "1709"]
[BlackRD "48"]
[GameID "388282"]

1. e4 e5 2. f4 exf4 3. Nf3 d6 4. d4 g5 5. g3 Bg4 6. Nc3 Bg7 7. Be2 Bxf3 8. Bxf3 fxg3 9. hxg3 Nf6 10. Bxg5 c6
11. Qe2 Qb6 12. O-O-O Nbd7 13. e5 dxe5 14. dxe5 Nd5 15. Bf6 O-O 16. Nxd5 cxd5 17. Qd3 h6 18. Bxg7 Kxg7 19. Bxd5 Nxe5 20. Qf5 Ng6
21. g4 Qe3+ 22. Kb1 Rab8 23. Rhe1 Qf4 24. Qd7 Rbd8 25. Qxb7 Rd6 26. Re4 Qf6 27. Red4 Rb6 28. Qxa7 Rfb8 29. Bb3 R8b7 30. Qa4 Qf3
31. R4d3 Qf6 32. Qe4 Ne5 33. Rd5 Re7 34. Re1 Nc6 35. Qh1 Rxe1+ 36. Qxe1 Ne7 37. a3 Nxd5
0-1

[Event "Maharana Pratap Memorial Cup "]
[Site "SchemingMind.com"]
[Date "2015.10.04"]
[Round "-"]
[White "Scooter"]
[Black "kenneth m day"]
[Result "1-0"]
[WhiteCountry "USA"]
[BlackCountry "USA"]
[WhiteElo "1717"]
[WhiteRD "47"]
[BlackElo "1713"]
[BlackRD "53"]
[GameID "388283"]

1. d4 d5 2. Nf3 c5 3. c3 Nc6 4. Bf4 Bg4 5. e3 e6 6. Be2 Nf6 7. h3 Bh5 8. O-O Bd6 9. Bxd6 Qxd6 10. Nbd2 Ke7
11. Nh4 Bxe2 12. Qxe2 g5 13. Nhf3 cxd4 14. exd4 h6 15. Rfe1 Rag8 16. Ne5 Nd7 17. Nxd7 Kxd7 18. Qb5 Qc7 19. Nb3 a6 20. Nc5+ Kc8
21. Qe2 h5 22. Rac1 Qe7 23. b4 h4 24. a4 g4 25. hxg4 Qg5 26. f3 Qf4 27. Qf2 Qg3 28. b5 a5 29. bxc6 Qxf2+ 30. Kxf2 bxc6
31. Rb1 h3 32. gxh3 Rxh3 33. Rh1 Rgh8 34. Rxh3 Rxh3 35. Kg2 Rh8 36. Rb7 Rf8 37. Ra7 Kb8 38. Rxa5 Rh8 39. Ra6 Rh7 40. Rxc6 Rg7
41. Rb6+ Kc7 42. Rb7+ Kc6 43. Nxe6 Kxb7 44. Nxg7 Kb6 45. Nf5 Ka5 46. Ne7 Kxa4 47. Nxd5 Kb5 48. Nc7+ Kc6 49. Kg3 Kxc7 50. Kf4 Kd6
51. Kf5
1-0

[Event "Maharana Pratap Memorial Cup "]
[Site "SchemingMind.com"]
[Date "2015.10.04"]
[Round "-"]
[White "kenneth m day"]
[Black "Scooter"]
[Result "0-1"]
[WhiteCountry "USA"]
[BlackCountry "USA"]
[WhiteElo "1713"]
[WhiteRD "53"]
[BlackElo "1717"]
[BlackRD "47"]
[GameID "388284"]

1. e4 c6 2. c4 d5 3. cxd5 cxd5 4. exd5 Qxd5 5. Nc3 Qd8 6. d4 Nf6 7. Bg5 Nbd7 8. Bb5 a6 9. Ba4 b5 10. Bb3 e6
11. Nf3 Be7 12. O-O O-O 13. Qd3 Nc5 14. Qe3 Nxb3 15. axb3 Bb7 16. Ne5 h6 17. Bh4 Nd5 18. Nxd5 Qxd5 19. Nf3 Bxh4 20. Nxh4 g5
21. Nf3 Qf5 22. Ne5 Rfd8 23. Rfd1 Rd6 24. Rd2 Rad8 25. Rad1 f6 26. Nf3 Bxf3 27. Qxf3 Qxf3 28. gxf3 e5 29. d5 f5 30. Kf1 Kf7
31. Ke2 Kf6 32. Ke3 h5 33. Rd3 b4 34. R1d2 Rc8 35. Rd1 Ke7 36. R1d2 a5 37. Rd1 Rc2 38. R1d2 Rxd2 39. Rxd2 Rd7 40. Rd3 Kd6
41. Rd2 Rc7 42. h3 Rc5 43. Rd3 Rxd5 44. Rxd5+ Kxd5 45. Kd3 e4+ 46. fxe4+ fxe4+ 47. Ke3 Ke5 48. f3 exf3 49. Kxf3 Kd4 50. Ke2 g4
51. hxg4 hxg4 52. Kf2 Kd3 53. Kg3 Kc2
0-1

[Event "Maharana Pratap Memorial Cup "]
[Site "SchemingMind.com"]
[Date "2015.10.03"]
[Round "-"]
[White "kenneth m day"]
[Black "Queen "]
[Result "0-1"]
[WhiteCountry "USA"]
[BlackCountry "IND"]
[WhiteElo "1685"]
[WhiteRD "50"]
[BlackElo "2734"]
[BlackRD "322"]
[GameID "388285"]

1. e4 c5 2. d4 cxd4 3. c3 dxc3 4. Nxc3 e6 5. Nf3 Nc6 6. Bc4 a6 7. Qe2 b5 8. Bb3 Bb7 9. O-O Nge7 10. Bg5 h6
11. Bh4 g5 12. Bg3 Ng6 13. Rfd1 h5 14. h3 g4 15. hxg4 hxg4 16. Nd4 Nxd4 17. Rxd4 Qg5 18. Rad1 Bc5 19. Rxd7 Qh5
0-1

[Event "Maharana Pratap Memorial Cup "]
[Site "SchemingMind.com"]
[Date "2015.10.04"]
[Round "-"]
[White "Queen "]
[Black "kenneth m day"]
[Result "1-0"]
[WhiteCountry "IND"]
[BlackCountry "USA"]
[WhiteElo "2734"]
[WhiteRD "322"]
[BlackElo "1685"]
[BlackRD "50"]
[GameID "388286"]

1. d4 d5 2. c4 Nc6 3. Nc3 Nf6 4. cxd5 Nxd5 5. e4 Nxc3 6. bxc3 e6 7. Nf3 Be7 8. Qc2 O-O 9. e5 b6 10. Bd3 h6
11. Qe2 Bb7 12. Qe4 g6 13. Bxh6 Re8 14. Qf4 Bf8 15. Bxf8 Kxf8 16. Bxg6 Ke7 17. Qxf7#
1-0

[Event "Maharana Pratap Memorial Cup "]
[Site "SchemingMind.com"]
[Date "2015.10.27"]
[Round "-"]
[White "Scooter"]
[Black "Hagel"]
[Result "1/2-1/2"]
[WhiteCountry "USA"]
[BlackCountry "POL"]
[WhiteElo "1707"]
[WhiteRD "48"]
[BlackElo "1795"]
[BlackRD "98"]
[GameID "389289"]

1. d4 d5 2. Nf3 Bf5 3. Bf4 e6 4. e3 c5 5. c3 Nc6 6. Bd3 Bxd3 7. Qxd3 cxd4 8. exd4 Nge7 9. O-O Nf5 10. Re1 Be7
11. Nbd2 h5 12. h3 a6 13. Ne5 Qb6 14. b3 Rc8 15. Ndf3 Qa5 16. Nxc6 Rxc6 17. Bd2 Qd8=
1/2-1/2

[Event "Maharana Pratap Memorial Cup "]
[Site "SchemingMind.com"]
[Date "2015.10.26"]
[Round "-"]
[White "Hagel"]
[Black "Scooter"]
[Result "1-0"]
[WhiteCountry "POL"]
[BlackCountry "USA"]
[WhiteElo "1795"]
[WhiteRD "98"]
[BlackElo "1707"]
[BlackRD "48"]
[GameID "389290"]

1. e4 c6 2. f4 d5 3. e5 Bf5 4. Nf3 e6 5. d3 h6 6. c3 Nd7 7. Be2 Bc5 8. d4 Bb6 9. O-O Qc7 10. a4 a5
11. Na3 Ne7 12. Nc2 O-O 13. Ne3 Be4 14. Bd3 Bxf3 15. Qxf3 c5 16. Nc2 cxd4 17. Nxd4 Bxd4+ 18. cxd4 Nc6 19. Be3 Nb4 20. Bb1 Rac8
21. f5 exf5 22. Qxf5 Qb6 23. Qh7#
1-0

[Event "Maharana Pratap Memorial Cup "]
[Site "SchemingMind.com"]
[Date "2015.10.26"]
[Round "-"]
[White "kenneth m day"]
[Black "Hagel"]
[Result "1-0"]
[WhiteCountry "USA"]
[BlackCountry "POL"]
[WhiteElo "1713"]
[WhiteRD "53"]
[BlackElo "1520"]
[BlackRD "69"]
[GameID "389291"]

1. e4 g6 2. d4 d6 3. Nc3 Bg7 4. Be3 Nf6 5. Qd2 h5 6. O-O-O Nc6 7. h3 a6 8. Nf3 b5 9. e5 dxe5 10. dxe5 Qxd2+
11. Rxd2 Nd7 12. e6 fxe6 13. Ng5 Nf6 14. Bd3 Ne5 15. Be2 Bb7 16. Nxe6 Kf7 17. Nxg7
1-0

[Event "Maharana Pratap Memorial Cup "]
[Site "SchemingMind.com"]
[Date "2015.10.26"]
[Round "-"]
[White "Hagel"]
[Black "kenneth m day"]
[Result "0-1"]
[WhiteCountry "POL"]
[BlackCountry "USA"]
[WhiteElo "1520"]
[WhiteRD "69"]
[BlackElo "1713"]
[BlackRD "53"]
[GameID "389292"]

1. e4 e5 2. Nf3 Nc6 3. d4 exd4 4. Bc4 Bc5 5. c3 d6 6. cxd4 Bb6 7. O-O Nf6 8. Bg5 O-O 9. e5 dxe5 10. d5 e4
11. Nfd2 Na5 12. Nc3 Nxc4 13. Nxc4 Re8 14. Nxb6 axb6 15. Re1 Bg4 16. Bxf6 Bxd1
0-1

[Event "Maharana Pratap Memorial Cup "]
[Site "SchemingMind.com"]
[Date "2015.10.26"]
[Round "-"]
[White "Queen "]
[Black "Hagel"]
[Result "1-0"]
[WhiteCountry "IND"]
[BlackCountry "POL"]
[WhiteElo "2440"]
[WhiteRD "111"]
[BlackElo "1520"]
[BlackRD "69"]
[GameID "389293"]

1. d4 Nf6 2. c4 g6 3. Nc3 Bg7 4. e4 d6 5. Nf3 O-O 6. Be2 Nc6 7. O-O e5 8. d5 Ne7 9. a3 a5 10. Bd2 h6
11. Qc1 Kh7 12. h3 Ne8 13. Re1 f5 14. Bd3 f4 15. b4 axb4 16. axb4 Rxa1 17. Qxa1 b6 18. Qa8 Nf6 19. Nb5 g5 20. c5 bxc5
21. bxc5 g4 22. hxg4 Nxg4 23. cxd6 cxd6 24. Qa7 Ng6 25. Rc1 Nh4 26. Be2 Rg8 27. Rc7 Nf6 28. Nxh4 Nxe4 29. Bd3 Qxh4 30. Bxe4+
1-0

[Event "Maharana Pratap Memorial Cup "]
[Site "SchemingMind.com"]
[Date "2015.10.26"]
[Round "-"]
[White "Hagel"]
[Black "Queen "]
[Result "0-1"]
[WhiteCountry "POL"]
[BlackCountry "IND"]
[WhiteElo "1795"]
[WhiteRD "98"]
[BlackElo "2331"]
[BlackRD "165"]
[GameID "389294"]

1. d4 Nf6 2. c4 e6 3. e3 Be7 4. a3 b6 5. Nc3 Bb7 6. Nf3 d5 7. Be2 dxc4 8. Bxc4= Nbd7 9. O-O O-O 10. b4 c5
11. bxc5 bxc5 12. dxc5 Rc8 13. Bb2 Rxc5 14. Be2 Qb8 15. Rb1 Rfc8 16. Na4 R5c7 17. Ne5 Qa8 18. Bf3 Be4 19. Bxe4 Qxe4 20. Nxd7= Rxd7
21. Qb3 Rb7
0-1

[Event "Maharana Pratap Memorial Cup "]
[Site "SchemingMind.com"]
[Date "2015.11.04"]
[Round "-"]
[White "emvarela"]
[Black "CapuzziG"]
[Result "1/2-1/2"]
[WhiteCountry "ARG"]
[BlackCountry "ITA"]
[WhiteElo "1690"]
[WhiteRD "47"]
[BlackElo "1827"]
[BlackRD "80"]
[GameID "389460"]

1. e4 e6 2. d4 d5 3. Nc3 dxe4 4. Nxe4 Nd7 5. Nf3 Ngf6 6. Nxf6+ Nxf6 7. Bd3 b6 8. Bg5 Bb7 9. O-O Be7 10. Bxf6 Bxf6
11. c3 O-O 12. Qc2 g6 13. Be4 Bxe4 14. Qxe4 Qd5 15. Qxd5 exd5=
1/2-1/2

[Event "Maharana Pratap Memorial Cup "]
[Site "SchemingMind.com"]
[Date "2015.11.04"]
[Round "-"]
[White "CapuzziG"]
[Black "emvarela"]
[Result "1/2-1/2"]
[WhiteCountry "ITA"]
[BlackCountry "ARG"]
[WhiteElo "1877"]
[WhiteRD "83"]
[BlackElo "1709"]
[BlackRD "48"]
[GameID "389461"]

1. Nf3 c5 2. c4 Nf6 3. b3 g6 4. Bb2 Bg7 5. d3 O-O 6. g3 b6 7. Bg2 Bb7 8. O-O Nc6 9. e3 Qc7 10. Nbd2 e6
11. Qc2 d5 12. Rad1 dxc4 13. Nxc4 b5 14. Ncd2 Nb4 15. Qb1 Rad8 16. d4 cxd4 17. Bxd4 Bxf3 18. Nxf3 Nfd5 19. Bxg7 Kxg7 20. Qb2+ Kg8
21. Ne5 Qc3 22. Rd2 Qxb2 23. Rxb2 Nc3 24. a3 Nd3 25. Nxd3 Rxd3 26. Bf3 Rfd8 27. Rc1 Nd5 28. Rcc2 Nb6 29. Kg2 a5 30. Be2 R3d5
31. b4 a4 32. Rc6 Nd7 33. Rbc2 Ne5 34. Rc7 Nd3 35. Bxd3 Rxd3 36. R2c3=
1/2-1/2

[Event "Maharana Pratap Memorial Cup "]
[Site "SchemingMind.com"]
[Date "2015.10.30"]
[Round "-"]
[White "Scooter"]
[Black "CapuzziG"]
[Result "0-1"]
[WhiteCountry "USA"]
[BlackCountry "ITA"]
[WhiteElo "1707"]
[WhiteRD "48"]
[BlackElo "1829"]
[BlackRD "79"]
[GameID "389462"]

1. d4 d5 2. Nf3 c5 3. Bf4 Nc6 4. e3 cxd4 5. exd4 Nf6 6. h3 Qb6 7. b3 Bf5 8. Bd3 Bxd3 9. Qxd3 e6 10. O-O Be7
11. Nbd2 O-O 12. c4 Rfd8 13. c5 Qa6 14. Qxa6 bxa6 15. Ne5 Nxd4 16. Be3 Bxc5 17. Bxd4 Bxd4
0-1

[Event "Maharana Pratap Memorial Cup "]
[Site "SchemingMind.com"]
[Date "2015.10.30"]
[Round "-"]
[White "CapuzziG"]
[Black "Scooter"]
[Result "1/2-1/2"]
[WhiteCountry "ITA"]
[BlackCountry "USA"]
[WhiteElo "1829"]
[WhiteRD "79"]
[BlackElo "1707"]
[BlackRD "48"]
[GameID "389463"]

1. Nf3 Nf6 2. c4 g6 3. b3 Bg7 4. Bb2 O-O 5. d3 b6 6. g3 Bb7 7. Bg2 d6 8. O-O Nbd7 9. Nbd2 c5 10. e3 d5
11. Qc2 dxc4 12. bxc4 Rc8 13. Nb3 e6 14. Rad1 Bxf3 15. Bxf3 Re8 16. Kg2 Qc7 17. Qb1 Ne5 18. Qa1 Nxf3 19. Kxf3 Qc6+ 20. Ke2 Nh5
21. Bxg7 Nxg7 22. Nd2 Rcd8 23. Ne4 e5 24. f4 f6 25. fxe5 Nh5 26. Nxf6+ Nxf6 27. Rxf6 Qg2+ 28. Rf2 Qh3 29. Rdf1 Qd7 30. Rd1 Qg4+
31. Rf3 Rf8 32. Rf1 Rxd3 33. Kxd3 Rxf3 34. Rxf3 Qxf3 35. Qb2 Qf1+ 36. Qe2 Qf5+ 37. e4 Qxe5 38. Ke3=
1/2-1/2

[Event "Maharana Pratap Memorial Cup "]
[Site "SchemingMind.com"]
[Date "2015.10.31"]
[Round "-"]
[White "kenneth m day"]
[Black "CapuzziG"]
[Result "0-1"]
[WhiteCountry "USA"]
[BlackCountry "ITA"]
[WhiteElo "1713"]
[WhiteRD "53"]
[BlackElo "1827"]
[BlackRD "80"]
[GameID "389464"]

1. e4 e6 2. d4 d5 3. e5 c5 4. c3 Nc6 5. Nf3 Qb6 6. Bd3 Bd7 7. O-O cxd4 8. cxd4 Nxd4 9. Nbd2 Nh6 10. b3 Nhf5
11. Bb2 Bc5 12. Rc1 Rc8 13. Nxd4 Nxd4 14. Nf3 Nc6 15. Qd2 Nb4 16. Bb1 Bb5 17. Rfd1 a5 18. Bd4 O-O 19. Bxc5 Rxc5 20. Qg5 Be2
21. Re1 Bxf3 22. gxf3 Rfc8 23. Rxc5 Qxc5 24. Qh4 h6 25. Kh1 Qc3 26. Rg1 Qxf3+ 27. Rg2 Rc1#
0-1

[Event "Maharana Pratap Memorial Cup "]
[Site "SchemingMind.com"]
[Date "2015.10.31"]
[Round "-"]
[White "CapuzziG"]
[Black "kenneth m day"]
[Result "0-1"]
[WhiteCountry "ITA"]
[BlackCountry "USA"]
[WhiteElo "1829"]
[WhiteRD "79"]
[BlackElo "1678"]
[BlackRD "53"]
[GameID "389465"]

1. d4 d5 2. c4 Nc6 3. Nc3 Nf6 4. Nf3 dxc4 5. Bf4 Bg4 6. e3 Qd7 7. Bxc4 e6 8. O-O Bb4 9. h3 Bh5 10. g4 Bg6
11. Qb3 O-O-O 12. Rfd1 Nd5 13. Nxd5 exd5 14. Bb5 Bd6 15. Ne5 Bxe5 16. Bxe5 f6 17. Bg3 Be4 18. Rdc1 h5 19. Be2 hxg4 20. hxg4 Rh1#
0-1

[Event "Maharana Pratap Memorial Cup "]
[Site "SchemingMind.com"]
[Date "2015.10.30"]
[Round "-"]
[White "CapuzziG"]
[Black "Queen "]
[Result "0-1"]
[WhiteCountry "ITA"]
[BlackCountry "IND"]
[WhiteElo "1829"]
[WhiteRD "79"]
[BlackElo "2331"]
[BlackRD "165"]
[GameID "389466"]

1. d4 Nf6 2. Bg5 d5 3. Bxf6 exf6 4. e3 Be6 5. Bd3 c5 6. dxc5 Bxc5 7. Ne2 O-O 8. O-O Re8 9. Nd2 Nc6 10. Nb3 Bd6
11. c3 Qb6 12. Qd2 a6 13. Nbd4 g6 14. b4 Qc7 15. g3 Ne5 16. Kg2 Qd7 17. Nxe6 fxe6 18. Nd4 Nxd3 19. Qxd3 Rac8 20. Rac1 Rc7
21. Rc2 Rd8 22. Rfc1 e5 23. Ne2 Be7 24. a3 b5 25. f3 Rc4 26. h3 f5 27. Qd2 Bg5 28. f4 exf4 29. gxf4 Bh4 30. Nd4 Qe7
31. Qd3 Bf6 32. Re2 Re8 33. Rce1 Qe4+ 34. Qxe4 Rxe4 35. Kf3 Rxc3 36. Nc2 d4 37. Rd2 d3 38. Na1 Rxa3 39. Red1 Bxa1
0-1

[Event "Maharana Pratap Memorial Cup "]
[Site "SchemingMind.com"]
[Date "2015.10.30"]
[Round "-"]
[White "Queen "]
[Black "CapuzziG"]
[Result "1-0"]
[WhiteCountry "IND"]
[BlackCountry "ITA"]
[WhiteElo "2331"]
[WhiteRD "165"]
[BlackElo "1829"]
[BlackRD "79"]
[GameID "389467"]

1. e4 e6 2. d4 d5 3. Nc3 dxe4 4. Nxe4 Nd7 5. Bd3 Ngf6 6. Nf3 Nxe4 7. Bxe4 Nf6 8. Bg5 Be7 9. Bxf6 Bxf6 10. c3 O-O
11. O-O c6 12. Re1 Re8 13. Ne5 g6 14. Qf3 Kg7 15. Rad1 Qc7 16. g3 Rf8 17. h4 h5 18. a4 Bd7 19. a5 a6 20. Qf4 Rad8
21. Nxg6 Qxa5 22. b4 Qa3 23. Nxf8 Rxf8 24. Rd3 a5 25. g4 Rh8 26. Rf3
1-0

[Event "Maharana Pratap Memorial Cup "]
[Site "SchemingMind.com"]
[Date "2015.10.30"]
[Round "-"]
[White "CapuzziG"]
[Black "Hagel"]
[Result "1-0"]
[WhiteCountry "ITA"]
[BlackCountry "POL"]
[WhiteElo "1829"]
[WhiteRD "79"]
[BlackElo "1795"]
[BlackRD "98"]
[GameID "389468"]

1. d4 Nf6 2. Bg5 g6 3. Bxf6 exf6 4. e4 Bg7 5. c3 O-O 6. Bd3 d5 7. Nd2 dxe4 8. Nxe4 Re8 9. Ne2 Bf5 10. Qc2 Bh6
11. O-O Bg7 12. N2g3 Bd7 13. Rae1 Bc6 14. Re2 f5 15. Nc5 Nd7 16. Nb3 Nf6 17. Rfe1 Qd5 18. f3
1-0

[Event "Maharana Pratap Memorial Cup "]
[Site "SchemingMind.com"]
[Date "2015.10.30"]
[Round "-"]
[White "Hagel"]
[Black "CapuzziG"]
[Result "0-1"]
[WhiteCountry "POL"]
[BlackCountry "ITA"]
[WhiteElo "1520"]
[WhiteRD "69"]
[BlackElo "1827"]
[BlackRD "80"]
[GameID "389469"]

1. e4 e6 2. d4 d5 3. Nc3 dxe4 4. Nxe4 Nd7 5. Bd3 Ngf6 6. c3 Nxe4 7. Bxe4 Nf6 8. Bd3 b6 9. Bg5 Bb7 10. Qa4+ c6
11. Nf3 Be7 12. Ne5 Qc7 13. O-O O-O 14. Qc2 g6 15. Qe2 Nd5 16. Bh6 Rfe8 17. Rae1 Bf8
0-1

[Event "Maharana Pratap Memorial Cup "]
[Site "SchemingMind.com"]
[Date "2015.11.09"]
[Round "-"]
[White "emvarela"]
[Black "Pehlwan"]
[Result "0-1"]
[WhiteCountry "ARG"]
[BlackCountry "IND"]
[WhiteElo "1690"]
[WhiteRD "47"]
[BlackElo "2234"]
[BlackRD "133"]
[GameID "389748"]

1. e4 d5 2. exd5 Nf6 3. c4 c6 4. dxc6 Nxc6 5. Nf3 e5 6. Qb3 e4 7. Ng5 Nd4 8. Qc3 Bb4 9. Qg3 Nc2+ 10. Kd1 Nxa1
11. Qe5+ Qe7 12. Qb5+ Bd7 13. Qxb7 Bg4+ 14. f3 Qxb7
0-1

[Event "Maharana Pratap Memorial Cup "]
[Site "SchemingMind.com"]
[Date "2015.11.04"]
[Round "-"]
[White "Scooter"]
[Black "Pehlwan"]
[Result "0-1"]
[WhiteCountry "USA"]
[BlackCountry "IND"]
[WhiteElo "1707"]
[WhiteRD "48"]
[BlackElo "2229"]
[BlackRD "153"]
[GameID "389750"]

1. d4 d5 2. Nf3 Bf5 3. Bf4 e6 4. e3 Bd6 5. Bxd6 cxd6 6. c3 Nf6 7. Bb5+ Nc6 8. O-O a6 9. Bxc6+ bxc6 10. Nbd2 O-O
11. Re1 h6 12. c4 Qb6 13. b3 a5 14. cxd5 cxd5 15. Rc1 Qb4 16. a4 Rfc8 17. Rxc8+ Rxc8 18. Qa1 Rc3 19. Rc1 Rd3 20. Qb2 Ne4
21. Nxe4 Bxe4 22. Rb1 Rc3
0-1

[Event "Maharana Pratap Memorial Cup "]
[Site "SchemingMind.com"]
[Date "2015.11.04"]
[Round "-"]
[White "Pehlwan"]
[Black "Scooter"]
[Result "1-0"]
[WhiteCountry "IND"]
[BlackCountry "USA"]
[WhiteElo "2229"]
[WhiteRD "153"]
[BlackElo "1707"]
[BlackRD "48"]
[GameID "389751"]

1. e4 c6 2. d4 d5 3. e5 Bf5 4. Nf3 e6 5. Be2 Nd7 6. O-O h6 7. Nbd2 c5 8. c4 dxc4 9. Nxc4 cxd4 10. Nxd4 Bg6
11. Be3 Bc5 12. Bf3 Ne7 13. Bxb7 Rb8 14. Nc6 Nxc6 15. Bxc6 O-O 16. Qxd7
1-0

[Event "Maharana Pratap Memorial Cup "]
[Site "SchemingMind.com"]
[Date "2015.11.04"]
[Round "-"]
[White "kenneth m day"]
[Black "Pehlwan"]
[Result "0-1"]
[WhiteCountry "USA"]
[BlackCountry "IND"]
[WhiteElo "1713"]
[WhiteRD "53"]
[BlackElo "2234"]
[BlackRD "133"]
[GameID "389752"]

1. e4 d5 2. exd5 Nf6 3. d4 Nxd5 4. c4 Nf6 5. Nc3 Bf5 6. Nf3 e6 7. Be2 Bb4 8. O-O O-O 9. Bg5 c5 10. a3 Bxc3
11. bxc3 h6 12. Be3 Nc6 13. d5 exd5 14. Bxc5 Re8 15. cxd5 Nxd5 16. Qd2 Nxc3 17. Qxc3 Rxe2 18. Rad1 Qc7 19. Bd6 Qb6 20. Bc5 Qb2
21. Qxb2 Rxb2 22. Rfe1 b6 23. Be3 Rc8 24. Bc1 Rb3 25. Rd6 Na5 26. h3 Rb1 27. Bd2 Rxe1+ 28. Nxe1 Nc4 29. Rd5 Nxd2 30. Rxd2 Rc3
31. Nf3 Rxa3 32. Rb2 Bxh3
0-1

[Event "Maharana Pratap Memorial Cup "]
[Site "SchemingMind.com"]
[Date "2015.11.04"]
[Round "-"]
[White "Pehlwan"]
[Black "kenneth m day"]
[Result "1-0"]
[WhiteCountry "IND"]
[BlackCountry "USA"]
[WhiteElo "2234"]
[WhiteRD "133"]
[BlackElo "1713"]
[BlackRD "53"]
[GameID "389753"]

1. e4 e5 2. Nf3 Nc6 3. Bc4 Bc5 4. c3 Nf6 5. d3 a6 6. O-O O-O 7. d4 exd4 8. cxd4 Ba7 9. d5 Na5 10. Bd3 d6
11. b4 Nc4 12. Bxc4 Nxe4 13. Bb2 Bg4 14. Nbd2 Re8 15. Bd3 Nf6 16. Qb3 Qd7 17. Bxf6 gxf6 18. Rac1 Kh8 19. Qc3 Qd8 20. Qxc7 Qxc7
21. Rxc7 b5 22. Rxf7 f5 23. Ng5 h6 24. Ne6 Bb8 25. Rf6 Ba7 26. Rxh6+ Kg8 27. h3
1-0